Statistics for Countries Containing "R" In Their Name

Click here to take the quiz!

General Stats

  • This quiz has been taken 107 times
  • The average score is 47 of 84

Answer Stats

Country% Correct
Austria
79%
Ireland
79%
Australia
78%
Germany
77%
Norway
77%
Andorra
75%
Bulgaria
75%
Brazil
74%
Greece
74%
Portugal
74%
Argentina
73%
Croatia
73%
France
73%
Turkey
71%
Dominican Republic
70%
North Korea
70%
Armenia
68%
Belarus
68%
Democratic Republic of the Congo
68%
Netherlands
68%
Iran
67%
Iraq
67%
Azerbaijan
66%
Hungary
66%
Serbia
66%
Algeria
64%
Bosnia and Herzegovina
64%
Ukraine
64%
Denmark
63%
Central African Republic
62%
Montenegro
62%
Paraguay
62%
San Marino
62%
South Korea
62%
United Arab Emirates
62%
United States of America
62%
Czech Republic
60%
Israel
60%
Luxembourg
60%
North Macedonia
60%
Peru
60%
Turkmenistan
60%
Georgia
59%
Uruguay
59%
South Africa
55%
Cyprus
53%
Nigeria
53%
Saudi Arabia
53%
Barbados
52%
Honduras
52%
Switzerland
52%
Kyrgyzstan
51%
Syria
51%
Morocco
49%
Antigua and Barbuda
48%
Burundi
48%
Grenada
48%
Trinidad and Tobago
48%
Fed. States of Micronesia
47%
Costa Rica
45%
Eritrea
45%
Suriname
45%
Cameroon
44%
Jordan
44%
Nicaragua
44%
Bahrain
42%
Kiribati
42%
Mauritania
42%
Brunei
41%
Singapore
41%
Liberia
38%
Mauritius
38%
Saint Vincent and the Grenadines
38%
Sierra Leone
38%
Marshall Islands
37%
Nauru
37%
Sri Lanka
37%
Burkina Faso
33%
Cape Verde
32%
Comoros
32%
Sao Tome and Principe
30%
Equatorial Guinea
29%
Ivory Coast
27%
Myanmar
21%

Score Distribution

Percentile by Number Answered

Percent of People with Each Score

Your Score History

You have not taken this quiz